Statistics for Video Games by Letter - “L”

Click here to take the quiz!

General Stats

  • This quiz has been taken 93 times
    (76 since last reset)
  • The average score is 8 of 15

Answer Stats

HintAnswer% Correct
Mario’s twin brotherLuigi
100%
Holder of the Triforce of Courage and protagonist of aboveLink
91%
Protagonist of the Tomb Raider seriesLara Croft
88%
Save Hyrule in this franchise of gamesThe Legend of Zelda
81%
This Mario enemy throws spinies at you from it’s cloudLakitu
60%
Detective-noire inspired game set in 1947L.A. Noire
60%
Punch-Out!! protagonistLittle Mac
53%
Sackboy saves the Imagisphere from the Collector by the power of friendshipLittleBigPlanet
50%
Control a champion to destroy the opposing team’s nexusLeague of Legends
47%
Star shaped creatures from Super Mario GalaxyLuma
45%
The Aura Pokémon; has his own movie and can speak via telepathyLucario
36%
The legendary Eon Pokémon of the Hoenn region. You can even ride them in some games!Latias
34%
The legendary Eon Pokémon of the Hoenn region. You can even ride them in some games!Latios
34%
Sonic fans HATE this zoneLabyrinth Zone
19%
Tales of Symphonia protagonistLloyd
14%

Score Distribution

Percentile by Number Answered

Percent of People with Each Score

Your Score History

You have not taken this quiz since the last reset